| 000 | 00746nam a2200253 a 4500 | ||
|---|---|---|---|
| 008 | |||
| 020 | _a0882756788 (hbk.) | ||
| 049 | _aMAIN | ||
| 090 | _aTK7816 | ||
| 100 | 1 | _aAngelo, Ernest James. | |
| 245 | 1 | 0 |
_aElectronics : _bBJTs, FETs, and microcircuits / _cE. James Angelo. |
| 260 |
_aHuntington, N.Y. : _bR. E. Krieger, _cc1969. |
||
| 300 |
_axv, 630 p. : _bill. ; _c25 cm. |
||
| 504 | _aIncludes bibliographical references. | ||
| 500 | _aIncludes index. | ||
| 650 | 0 | _aElectronics. | |
| 650 | 0 | _aSemiconductors. | |
| 650 | 0 | _aAmplifiers (Electronics) | |
| 907 |
_a.b10162148 _b12-01-07 _c04-05-05 |
||
| 003 | |||
| 005 | 20230123134006.0 | ||
| 040 | _cNUST | ||
| 942 |
_cBOOKS _kTK7816 |
||
| 999 |
_c158153 _d158153 |
||